000 00683nam a22001937a 4500
003 0
005 20250905112435.0
008 250905b xxu||||| |||| 00| 0 eng d
020 _a978-1-0719-1032-0
050 _aPN 3377.5.F34
_b.A53 2024
100 _aAnderson, Carl,
_eauthor.
245 _aTeaching fantasy writing :
_blessons that inspire student engagement and creativity grades k-6 /
_cCarl Anderson.
260 _aThousand Oaks, California :
_bCorwin,
_c2024.
300 _axvii, 248 pages :
_billustrations ;
_c28 cm.
504 _aIncludes bibliographical references.
650 _aFantasy fiction
_xAuthorship.
650 _aScience fiction
_xAuthorship.
942 _2lcc
_cBK
999 _c367774
_d367774